Marketing fundamentals, 2007-2008/ (Record no. 8667)

MARC details
000 -LEADER
fixed length control field 01027nac a22002651u 4500
020 ## - INTERNATIONAL STANDARD BOOK NUMBER
International Standard Book Number 9780750685467
035 ## - SYSTEM CONTROL NUMBER
System control number (DLC) 99220448
035 ## - SYSTEM CONTROL NUMBER
System control number (OCoLC)40724680
082 00 - DEWEY DECIMAL CLASSIFICATION NUMBER
Classification number 658.80076
Item number LAN
090 ## - LOCALLY ASSIGNED LC-TYPE CALL NUMBER (OCLC); LOCAL CALL NUMBER (OCLC)
-- 8667
-- 8667
100 ## - MAIN ENTRY--PERSONAL NAME
Personal name Lancaster, Geoffrey,
245 10 - TITLE STATEMENT
Title Marketing fundamentals, 2007-2008/
Statement of responsibility, etc Geoff Lancaster and Frank Withey and the Chartered Institute of Marketing.
260 ## - PUBLICATION, DISTRIBUTION, ETC. (IMPRINT)
Place of publication, distribution, etc Oxford ;
-- Boston :
Name of publisher, distributor, etc Butterworth-Heinemann,2007
Date of publication, distribution, etc 2007
300 ## - PHYSICAL DESCRIPTION
Extent 392 p. :
Dimensions ill. ;
Other physical details 30 cm.
440 #4 -
-- The official CIM coursebook series
500 ## - GENERAL NOTE
General note Includes index.
500 ## - GENERAL NOTE
General note distributer: Baccah
511 ## - PARTICIPANT OR PERFORMER NOTE
Participant or performer note catalogued by: wessam
610 20 - SUBJECT ADDED ENTRY--CORPORATE NAME
Corporate name or jurisdiction name as entry element Chartered Institute of Marketing
General subdivision Examinations
650 #0 - SUBJECT ADDED ENTRY--TOPICAL TERM
Topical term or geographic name as entry element Marketing
Geographic subdivision Great Britain
General subdivision Examinations
Form subdivision Study guides.
700 1# - ADDED ENTRY--PERSONAL NAME
Personal name Withey, Frank.
710 2# - ADDED ENTRY--CORPORATE NAME
Corporate name or jurisdiction name as entry element Chartered Institute of Marketing.
942 ## - ADDED ENTRY ELEMENTS (KOHA)
Item type Book - Borrowing
Call number prefix 658.80076LAN
Holdings
Withdrawn status Item status Damaged status Not for loan Home library Current library Shelving location Date acquired Source of acquisition Total Checkouts Full call number Barcode Date last seen Date last borrowed Koha item type
        Central Library Central Library First floor 08/03/2017 Purchase 2 658.80076LAN 000010612 15/07/2025 02/05/2010 Book - Borrowing